00634nam a22001817a 4500003000200000005001700002008004100019020001800060040001900078041000800097100002700105245016400132260002900296300001700325504006300342630001600405650003100421020160609170725.0110714t xxu||||| |||| 00| 0 eng d a0-7923-7100-3 aBUACbFrecBUC aEng aKeyser, Véronique de aError Prevention and Well-Being at Work in Western Europe and Russia :bPsychological Traditions and New TrendscEd. by Véronique De Keyser, Anna B. Leonova  aBostonbEd. Kluwerc2001 a363p.c24 cm aComprend : Bibliogr. p. 213 - 243 ; Glossaire p. 245 - 255 aPSYCHOLOGIE aComportement : psychologie